00721 2200229 4500001002100000005001700021008004100038020003000079035002400109082001100133090001600144100004000160245011500200250001000315260003600325300002300361650001600384700003400400990001900434990001900453990001900472YOGYA-0411000000053120110406112742.0 ind  a978 - 602 - 8480 - 25 - 3 0010-041100000000531 a297.23 a297.23bAla aAl - Asyqar, Umar Sulaiman Abdullah aKiamat Amat Dahsyat / Umar Sulaiman Abdullah Al -Asyqon ; penerjemah , Rusdianto ; penyunting Kuswaidi Syafiie aCet 1 aYogyakartabMitra Pustakac2010 aXI, 517 hlmc21 cm aHari Kiamat aRusdiantobSyafi'ie, Kuswaidi a50976 - PD/B10 a50977 - PD/B10 a50978 - PD/B10